000 00701nam a2200241Ia 4500
005 20260430150709.0
008 008 250103s9999 xx 000 0 eng d
037 _aTheses
040 _aCRL
040 _beng
040 _ceng
041 _2eng
041 _aeng
084 _qCRL
100 _aPankaj Kumar Au.; Kaushik Mahima Gu.
_91238245
245 0 _aSynthesis & Characterization of Silica Nanoparticles for Enzyme Activity Regulation, Drug Delivery and Phototherapeutic Applications
260 _c2024
300 _a208p.
650 _aChemistry
700 _aUniversity of Delhi. Faculty of Science. Deptt. of Chemistry
_91236464
942 _cTH
999 _c1850416
_d1850416